| 000 | 00583nam a22002177a 4500 | ||
|---|---|---|---|
| 003 | OSt | ||
| 005 | 20160511153121.0 | ||
| 008 | 160511b xxu||||| |||| 00| 0 eng d | ||
| 020 | _a157859099X | ||
| 040 | _aSEKU | ||
| 050 |
_aQ 173 _b.C3 1997 |
||
| 110 | _aCarnegie Library of Pittsburgh | ||
| 245 |
_aThe Handy science answer book _cCarnegie Library of Pittsburgh |
||
| 250 | _a2nd ed. | ||
| 260 |
_aCanton, MI. : _bVisible Ink Press, _c1997 |
||
| 300 | _a580 p. | ||
| 500 | _aIncludes index | ||
| 650 |
_aScience _xMiscellanea. |
||
| 650 | _aScience. | ||
| 942 |
_2lcc _cGEN |
||
| 999 |
_c13786 _d13786 |
||